Radio/Video Lyrics - Statistics

General Stats
  • This quiz has been taken 16 times
  • The average score is 8 of 9
Answer Stats
Lyrics % Correct
Hey man, look at me rockin' out, {I}'{m} {on} {the} {radio}
100%
Hey man, look at me rockin' out, {I}'{m} {on} {the} {video}
100%
They take me {away} {from}
100%
They take me {away} {from} (Take me {away} {from})
100%
Sweet {Danny} {and} {Lisa}
86%
Sweet {Danny} {and} {Lisa} (Sweet {Danny} {and} {Lisa})
86%
With {Danny} {and} {Lisa}
86%
The {strangest} {places}
79%
The {strangest} {places} (The {strangest} {places})
79%
No matching quizzes found
Score Distribution
Percent of People with Each Score
Percentile by Number Answered
Your Score History
You have not taken this quiz